Morocco Country Quiz - Statistics

General Stats
  • This quiz has been taken 37 times
  • The average score is 8 of 15
Answer Stats
Hint Answer % Correct
Borders Algeria
88%
Main Language Arabic
88%
Main Religion Islam
88%
Borders Mauritania
79%
Capital Rabat
79%
Borders Spain
76%
Independent Since 1956
73%
Former Part of France
58%
Number of Regions 12
48%
Main Ally United States
45%
Currency Moroccan Dirham
39%
Current King Mohammed VI
36%
Current Prime Minister Aziz Akhannouch
15%
Global Firepower Rating (out of 145) 59
12%
Main Export Cars
3%
No matching quizzes found
Score Distribution
Percent of People with Each Score
Percentile by Number Answered
Your Score History
You have not taken this quiz